Colossians and Philemon : (Record no. 7290)

MARC details
000 -LEADER
fixed length control field 00766nam a2200253Ia 4500
001 - CONTROL NUMBER
control field 20970
003 - CONTROL NUMBER IDENTIFIER
control field GBCCL
005 - DATE AND TIME OF LATEST TRANSACTION
control field 20241126110624.0
008 - FIXED-LENGTH DATA ELEMENTS--GENERAL INFORMATION
fixed length control field 831103s1964 ilu 000 0 eng d
035 ## - SYSTEM CONTROL NUMBER
System control number (OCoLC)10088371
040 ## - CATALOGING SOURCE
Original cataloging agency AJB
Transcribing agency AJB
049 ## -
-- LBBK
082 ## - DEWEY DECIMAL CLASSIFICATION NUMBER
Classification number 225.07
Item number TEA
092 ## - LOCALLY ASSIGNED DEWEY CALL NUMBER (OCLC)
Classification number 227.7
Item number B873
100 1# - MAIN ENTRY--PERSONAL NAME
Personal name Brooks, Keith L.
Fuller form of name (Keith Leroy),
Dates associated with a name 1888-1954.
9 (RLIN) 1660
245 10 - TITLE STATEMENT
Title Colossians and Philemon :
Remainder of title the Epistles of truth and love /
Statement of responsibility, etc. Keith L. Brooks.
260 ## - PUBLICATION, DISTRIBUTION, ETC.
Place of publication, distribution, etc. Chicago :
Name of publisher, distributor, etc. Moody Bible Institute,
Date of publication, distribution, etc. 1964.
300 ## - PHYSICAL DESCRIPTION
Extent 48 p. ;
Dimensions 23 cm.
490 0# - SERIES STATEMENT
Series statement Teach yourself the Bible series
500 ## - GENERAL NOTE
General note Cover title.
630 00 - SUBJECT ADDED ENTRY--UNIFORM TITLE
Uniform title Bible.
Name of part/section of a work N.T.
-- Colossians
General subdivision Study.
9 (RLIN) 12921
630 00 - SUBJECT ADDED ENTRY--UNIFORM TITLE
Uniform title Bible.
Name of part/section of a work N.T.
-- Philemon
General subdivision Study.
9 (RLIN) 12922
942 ## - ADDED ENTRY ELEMENTS (KOHA)
Source of classification or shelving scheme Dewey Decimal Classification
Koha item type Books
Holdings
Withdrawn status Lost status Source of classification or shelving scheme Damaged status Not for loan Home library Current Library Shelving location Date acquired Total checkouts Full call number Barcode Date last seen Copy number Price effective from Koha item type
    Dewey Decimal Classification     GRACE BIBLE COLLEGE GRACE BIBLE COLLEGE Biblical Studies 2018-07-24   225.07 TEA 005861 2025-05-01 c.1 2018-07-24 Books
© Grace Bible College Library 2025